Histología / (Record no. 87359)

MARC details
000 -LEADER
campo de control de longitud fija 00668nam a2200217 i 4500
001 - NÚMERO DE CONTROL
campo de control 87359
003 - IDENTIFICADOR DE NÚMERO DE CONTROL
campo de control ES-MaACL
005 - FECHA Y HORA DE LA ÚLTIMA TRANSACCIÓN
campo de control 20230906175645.0
007 - CAMPO FIJO DE DESCRIPCIÓN FÍSICA--INFORMACIÓN GENERAL
campo de control de longitud fija t|
008 - DATOS DE LONGITUD FIJA--INFORMACIÓN GENERAL
campo de control de longitud fija 041221s1983 sp ||||1| spa d
020 ## - NÚMERO INTERNACIONAL ESTÁNDAR DEL LIBRO
Número Internacional Estándar del Libro 84-85320-16-6
100 1# - ENTRADA PRINCIPAL--NOMBRE DE PERSONA
Nombre de persona Krause, William J.
9 (RLIN) 68767
245 10 - MENCIÓN DEL TÍTULO
Título Histología /
Mención de responsabilidad, etc. William J. Krause, J. Harry Cutts ; [traducción de Antonio Borregón Ramírez].
260 ## - PUBLICACIÓN, DISTRIBUCIÓN, ETC.
Lugar de publicación, distribución, etc. Madrid :
Nombre del editor, distribuidor, etc. [s.n.,
Fecha de publicación, distribución, etc. 1983] (
Fabricante Panamericana)
300 ## - DESCRIPCIÓN FÍSICA
Extensión XI, 434 p. :
Otras características físicas il. ;
Dimensiones 25 cm.
500 ## - NOTA GENERAL
Nota general Indices.
650 #4 - PUNTO DE ACCESO ADICIONAL DE MATERIA--TÉRMINO DE MATERIA
Término de materia o nombre geográfico como elemento de entrada Histología.
9 (RLIN) 164981
700 1# - ENTRADA AGREGADA--NOMBRE PERSONAL
Nombre de persona Borregón Ramírez, Antonio.
9 (RLIN) 30574
700 1# - ENTRADA AGREGADA--NOMBRE PERSONAL
Nombre de persona Cutts, J. Harry.
9 (RLIN) 42297
852 ## - LOCALIZACIÓN
Ubicación ES-MaACL
Número de control de estantería L-8304
Holdings
Estatus retirado Estado de pérdida Estado de daño No para préstamo Biblioteca de origen Biblioteca actual Ubicación en estantería Fecha de adquisición Fuente de adquisición Total de préstamos Signatura topográfica completa Código de barras Visto por última vez Precio de reemplazo Tipo de ítem Koha
        Biblioteca del Ateneo de Madrid Biblioteca del Ateneo de Madrid Depósito 2 17/01/2008     L-8304 1091267 23/02/2023 23/02/2023 Libro impreso